| 000 | 01042nam a2200325 a 4500 | ||
|---|---|---|---|
| 001 | 77229 | ||
| 003 | BD-RjUL | ||
| 005 | 20211209082939.0 | ||
| 008 | 200205s2004 inua s 001 0 eng d | ||
| 020 | _a0789730731 (Online version) | ||
| 035 | _a(OCoLC)ocm55200071 | ||
| 040 |
_aBUF _cBUF _dOCLCQ _dDLC _beng |
||
| 041 | _aeng | ||
| 042 | _alccopycat | ||
| 082 | 0 | 4 |
_a332.0240028553 _222 |
| 100 | 1 |
_aKinkoph, Sherry. _9240367 |
|
| 245 | 1 | 0 |
_aEasy Quicken 2004 / _cSherry Kinkoph. |
| 246 | 1 | 4 | _aEasy Quicken 2004 : see it done, do it yourself |
| 246 | 3 | 0 | _aQuicken 2004 |
| 260 |
_aIndianapolis, IN : _bQue, _cc2004. |
||
| 300 |
_aix, 248 p. : _bcol. ill. ; _c26 cm. |
||
| 500 | _aIncludes index. | ||
| 650 | 0 |
_aFinance, Personal _xComputer programs. _9240368 |
|
| 650 | 0 |
_aInvestments _xComputer programs. _9240369 |
|
| 710 | 2 |
_aSafari Tech Books Online (Firm) _9117590 |
|
| 856 | 4 | 1 |
_zOnline access: _uhttp://proquest.safaribooksonline.com/0789730731 |
| 942 |
_2ddc _cBK |
||
| 999 |
_c77229 _d77229 |
||